|
|
|
|
| LEADER |
01087nam a2200265 a 4500 |
| 001 |
27013 |
| 008 |
130520t20061998enk b 001 0 eng d |
| 010 |
|
|
|a 97032107
|
| 020 |
|
|
|a 0415186056
|
| 040 |
|
|
|a DLC
|c DLC
|d DLC
|d BD-DhAAL.
|
| 082 |
0 |
0 |
|a 338.9
|2 21
|
| 245 |
0 |
0 |
|a Development as process :
|b concepts and methods for working with complexity /
|c edited by David Mosse, John Farrington, and Alan Rew.
|
| 260 |
|
|
|a London ;
|a New York :
|b Routledge,
|c c1998 [Digital Printing 2006].
|
| 300 |
|
|
|a xii, 202 p. ;
|c 24 cm.
|
| 490 |
|
0 |
|a Routledge Research/ODI Development Policy Studies
|
| 504 |
|
|
|a Includes bibliographical references (p. 195) and index.
|
| 541 |
|
|
|e 27013
|
| 650 |
|
0 |
|a Economic development.
|
| 650 |
|
0 |
|a Economic development projects.
|
| 700 |
1 |
|
|a Mosse, David.
|
| 700 |
1 |
|
|a Farrington, John.
|
| 700 |
1 |
|
|a Rew, Alan,
|d 1942-
|
| 852 |
1 |
|
|a Ayesha Abed Library
|j General shelf.
|
| 999 |
|
|
|c 13468
|d 13468
|
| 952 |
|
|
|0 0
|1 0
|2 ddc
|4 0
|6 338_900000000000000_DEV
|7 0
|9 22420
|a IGS
|b IGS
|c GEN
|d 2013-05-20
|e Karim International
|g 13500.00
|l 0
|o 338.9 DEV
|p 3010027013
|r 2013-05-20
|t 1
|w 2013-05-20
|y BK
|